|
|
|
|
| LEADER |
01306nam a2200361 4500 |
| 001 |
000009157 |
| 003 |
5352 |
| 005 |
20111025091021.0 |
| 008 |
111025s2000 viesd |
| 020 |
|
|
|c 12200đ
|
| 041 |
0 |
|
|a vie
|
| 082 |
|
|
|a 570
|b NG-V
|
| 100 |
0 |
|
|a Nguyễn Quang Vinh
|e Chủ biên
|
| 245 |
1 |
0 |
|a Dạy học Sinh học
|b ở trường trung học sơ sở
|c Nguyễn Quang Vinh()Chủ biên; Trần Đăng Cát(Tác giả)
|n T.1
|p Dạy học Sinh học
|
| 260 |
|
|
|a H.
|b Giáo dục
|c 2000
|
| 300 |
|
|
|a 132 tr.
|c 27 cm
|
| 500 |
|
|
|a Giáo trình dùng chung cho các trường Cao đẳng Sư phạm
|
| 653 |
|
|
|a Dạy học
|
| 653 |
|
|
|a Sinh học
|
| 653 |
|
|
|a Giáo trình
|
| 700 |
|
|
|a Trần Đăng Cát
|e Tác giả
|
| 773 |
|
|
|t Dạy học sinh học ở trường Trung học cơ sở
|w 5350
|
| 910 |
|
|
|a duyên
|
| OWN |
|
|
|a LSP
|
| AVA |
|
|
|a UDN50
|b LSP
|d 570 NG-V
|e unavailable
|t Error 5002 Not defined in file expand_doc_bib_avail.
|f 1
|g 1
|h N
|i 0
|k 1
|
| 999 |
|
|
|a From the UDN01
|
| AVA |
|
|
|a UDN50
|b LSP
|d 570 NG-V
|e unavailable
|t Error 5002 Not defined in file expand_doc_bib_avail.
|f 1
|g 1
|h N
|i 0
|k 1
|
| TYP |
|
|
|a Monograph
|
| TYP |
|
|
|a Printed language
|
| 980 |
|
|
|a Mạng thư viện Đại học Đà Nẵng
|